[Event "Pescia op-A 4th"]
[Site "Pescia"]
[Date "2011.09.18"]
[Round "4"]
[White "Srebrnic, Vojko"]
[Black "Bettazzi, Alessandro"]
[Result "1-0"]
[WhiteElo "2244"]
[BlackElo "1956"]
[PlyCount "143"]
[EventDate "2011.09.16"]
[EventType "swiss"]
[EventRounds "5"]
[EventCountry "ITA"]
[SourceTitle "EXT 2015"]
[Source "ChessBase"]
[SourceDate "2014.11.20"]
[SourceVersion "1"]
[SourceVersionDate "2014.11.20"]
[SourceQuality "1"]

1. e4 c6 2. d4 d5 3. Nc3 dxe4 4. Nxe4 Bf5 5. Ng3 Bg6 6. Nh3 e6 7. Nf4 Bd6 8. h4 Bxf4 9. Bxf4 h6 10. Qd2 Nf6 11. 0-0-0 Nbd7 12. f3 Nd5 13. Bd6 N7f6 14. Be5 Qb6 15. Bd6 Qd8 16. Bc5 Qc7 17. Ne2 b6 18. Ba3 b5 19. Nc3 Qf4 20. Nxd5 Qxd2+ 21. Kxd2 Nxd5 22. Bc5 Kd7 23. c3 a5 24. g3 Rhb8 25. Bh3 Nb6 26. Bxb6 Rxb6 27. Rhe1 Rbb8 28. Re5 Kc7 29. Rde1 Rd8 30. f4 Rd5 31. Bg2 Rxe5 32. Rxe5 Bb1 33. a3 Ra6 34. Bf3 Rb6 35. g4 Rb8 36. Be2 Kd6 37. Bd1 f6 38. Re1 Ba2 39. Bc2 Bd5 40. Bd3 Re8 41. Bg6 Re7 42. Ke3 e5 43. dxe5+ fxe5 44. f5 Kc5 45. g5 b4 46. cxb4+ axb4 47. Rc1+ Kb5 48. f6 gxf6 49. gxf6 Ra7 50. axb4 Kxb4 51. Rf1 Kb3 52. f7 Bxf7 53. Rxf7 Ra4 54. Rb7+ Ka2 55. h5 Rh4 56. Rb6 Rg4 57. Rxc6 Kxb2 58. Be4 Rg3+ 59. Bf3 Kb3 60. Rxh6 Kc4 61. Rc6+ Kb5 62. Rc1 Rh3 63. Ke4 Kb6 64. Bg4 Rh4 65. Kf5 e4 66. Kg5 Rh2 67. h6 e3 68. Bh5 e2 69. Re1 Rg2+ 70. Bg4 Kc5 71. Rxe2 Rg1 72. Rh2 1-0

[Event "Pescia op-A 4th"]
[Site "Pescia"]
[Date "2011.09.17"]
[Round "3"]
[White "Bettazzi, Alessandro"]
[Black "Simoncini, Francesco"]
[Result "1-0"]
[WhiteElo "1956"]
[BlackElo "1627"]
[PlyCount "116"]
[EventDate "2011.09.16"]
[EventType "swiss"]
[EventRounds "5"]
[EventCountry "ITA"]
[SourceTitle "EXT 2015"]
[Source "ChessBase"]
[SourceDate "2014.11.20"]
[SourceVersion "1"]
[SourceVersionDate "2014.11.20"]
[SourceQuality "1"]

1. e4 d6 2. d4 Nf6 3. Bd3 e5 4. dxe5 dxe5 5. Nf3 Nbd7 6. 0-0 Be7 7. Nc3 c6 8. Ne2 Qc7 9. Ng3 Nc5 10. b3 0-0 11. Bb2 Bd6 12. Qd2 a5 13. Qg5 Ne6 14. Qh4 Nf4 15. Ne2 Ng6 16. Qg5 h6 17. Qd2 Bg4 18. Ne1 Bxe2 19. Qxe2 Nf4 20. Qf3 Qd7 21. g3 Nh3+ 22. Kg2 Ng5 23. Qf5 Qe7 24. f4 g6 25. fxg5 gxf5 26. gxf6 Qxf6 27. Rxf5 Qg7 28. Nf3 Rae8 29. Rf1 b5 30. Nh4 Bc7 31. R5f3 Re6 32. a4 Rb8 33. axb5 cxb5 34. Nf5 Qh7 35. Ne3 h5 36. Nd5 Bd8 37. Rf5 f6 38. c4 h4 39. cxb5 Rb7 40. Bc4 Kh8 41. Be2 Kg8 42. g4 Rg7 43. h3 Rg5 44. Rxg5+ fxg5 45. Rf5 Qg7 46. Bc4 Kh8 47. Ba3 Re8 48. b6 Qb7 49. Bc5 Re6 50. Rf8+ Kg7 51. Rxd8 a4 52. b4 a3 53. Rf8 a2 54. Bxa2 Qa6 55. Rf2 Qd3 56. Ne3 Qxe4+ 57. Kg1 Rf6 58. Nf5+ Qxf5 1-0